Statystyki dla Państwa według ich flagi 1850 roku.

Kliknij tutaj aby rozwiązać quiz!

Ogólne statystyki

  • Ten quiz został rozwiązany 24 razy
  • Średni wynik to 5 z 16

Statystyki odpowiedzi

Odpowiedź% Poprawnych
Brazylia
91%
Rumunia
73%
Austria
68%
Honduras
50%
Egipt
36%
Jemen
36%
Madagaskar
23%
Kolumbia
18%
Czarnogóra
14%
Liberia
14%
Andora
9%
Chorwacja
9%
Ekwador
9%
Maroko
9%
Kiribati
5%
Malediwy
0%

Rozkład punktacji

Percentyl według liczby udzielonych odpowiedzi

Procent ludzi z każdym wynikiem

Twoja historia wyników

Nie rozwiązałeś tego quizu